|
|
|
|
| LEADER |
00000nas a2200000 i 4500 |
| 001 |
ssj0001690656 |
| 003 |
WaSeSS |
| 005 |
20200512172242.0 |
| 006 |
m d |
| 007 |
cr n |
| 008 |
160129c20149999oncfx s 0 0eng c |
| 010 |
|
|
|a 2016233557
|
| 022 |
|
|
|a 2369-2634
|
| 035 |
|
|
|a (WaSeSS)ssj0001690656
|
| 040 |
|
|
|a GUA
|b eng
|e pn
|c GUA
|d OCLCO
|d UMC
|d OCLCO
|d OCLCF
|d OCLCO
|d COO
|d OCLCQ
|d VT2
|d WaSeSS
|
| 041 |
0 |
|
|a eng
|a fre
|
| 042 |
|
|
|a pcc
|
| 050 |
1 |
4 |
|a L11
|b .C367
|
| 130 |
0 |
|
|a Comparative and international education (Ottawa, Ont.)
|
| 245 |
1 |
0 |
|a Comparative and international education
|h [electronic resource].
|
| 246 |
1 |
1 |
|a Éducation comparée et internationale
|
| 246 |
1 |
|
|i Also called:
|a CIE-ECI
|
| 260 |
|
|
|a [Ottawa, Ontario] :
|b Comparative and International Education Society of Canada,
|c [2014]-
|
| 310 |
|
|
|a Twice a year, with special issues
|
| 362 |
1 |
|
|a Began with: Volume 43, issue 3 (2014).
|
| 504 |
|
|
|a Includes bibliographical references.
|
| 506 |
|
|
|a License restrictions may limit access.
|
| 515 |
|
|
|a Volume 43, issue 3 also called Volume 43, issue 2 in error.
|
| 515 |
|
|
|a For volume 43, issue 3, PDF articles dated January 2015, but issue is dated 2014 on table of contents web page for issue.
|
| 546 |
|
|
|a Some articles in English; some articles in French; editorials and abstracts in French and English.
|
| 588 |
|
|
|a Description based on: Volume 43, issue 3 (2014); title from PDF caption in Article 1 (journal website, viewed January 12, 2016).
|
| 588 |
|
|
|a Latest issue consulted: Volume 44, issue 2 (2015) (Scholarship@Western website, viewed February 29, 2016).
|
| 650 |
|
0 |
|a Education
|v Periodicals.
|
| 650 |
|
0 |
|a Comparative education
|v Periodicals.
|
| 650 |
|
7 |
|a Comparative education.
|2 fast
|0 (OCoLC)fst00871331
|
| 650 |
|
7 |
|a Education.
|2 fast
|0 (OCoLC)fst00902499
|
| 655 |
|
0 |
|a Electronic journals.
|
| 710 |
2 |
|
|a Comparative and International Education Society of Canada.
|
| 780 |
0 |
0 |
|t Canadian and international education
|x 1927-694X
|w (DLC) 2016233558
|w (OCoLC)635689848
|
| 856 |
4 |
0 |
|z Full text available from Research Library: 10/01/2014 to 1 year ago
|u https://search.proquest.com/publication/46900
|